000 00509nam a2200193Ia 4500
008 151119s9999||||xx |||||||||||||| ||und||
082 _a891.462
082 _bGKKV12621
100 _a"गोर्ले, शिवराज"
245 _aबुलंद
260 _a--
260 _b--
260 _c1996
600 _a"गोर्ले, शिवराज"
630 _aबुलंद
700 _a"गोर्ले, शिवराज"
730 _aबुलंद
942 _cBOOK
999 _c1066449
_d1066446